| 000 | 00438nam a22001817a 4500 | ||
|---|---|---|---|
| 005 | 20260421162341.0 | ||
| 008 | 260421b |||||||| |||| 00| 0 eng d | ||
| 020 | _a9789349015715 | ||
| 040 | _cFLL | ||
| 041 | _2eng | ||
| 084 | _aZ2,3 R5 | ||
| 100 |
_aMulla&Pollock _91235319 |
||
| 245 | _aThe Indian Contract Act,1872 | ||
| 250 | _a17th | ||
| 260 |
_aHaryana _bAtlantic _c2025 |
||
| 300 |
_acccxlii 1686p _bHb |
||
| 942 |
_2CC _cTB |
||
| 999 |
_c1848358 _d1848358 |
||